| 000 | 01326nam a2200373 i 4500 | ||
|---|---|---|---|
| 001 | 9140 | ||
| 003 | KOSZ 005 | ||
| 005 | 20200708104953.0 | ||
| 008 | 070717s1971 pl a f e 001 0 pol | ||
| 015 | _aPB 1972/2930 | ||
| 035 | _a(OCoLC)749289193 | ||
| 040 |
_aWA N _cWA N _dKOSZ 005/EC _dKOSZ 005/RW |
||
| 046 | _k1967 | ||
| 080 | _a69(083.7) | ||
| 245 | 0 | 0 |
_aMały ilustrowany słownik budowlany : _bterminologia budownictwa : praca zbiorowa / _cpod kierunkiem Tadeusza Dzięgielewskiego ; Instytut Urbanistyki i Architektury. |
| 250 | _aWydanie 2. | ||
| 260 |
_aWarszawa : _b"Arkady", _c1971. |
||
| 300 |
_a614, [2] stron : _bilustracje ; _c23 cm. |
||
| 336 |
_aTekst _btxt _2rdacontent |
||
| 337 |
_aBez urządzenia pośredniczącego _bn _2rdamedia |
||
| 338 |
_aWolumin _bnc _2rdacarrier |
||
| 380 | _aKsiążki | ||
| 388 | _a1901-2000 | ||
| 388 | _a1945-1989 | ||
| 500 | _aWydanie 1 pod hasłem i tytułem: Terminologia budownictwa. | ||
| 504 | _aIndeks. | ||
| 658 | _aArchitektura i budownictwo | ||
| 650 | 4 | _aBudownictwo | |
| 655 | 4 | _aSłownik terminologiczny | |
| 710 | 2 |
_aWydawnictwo "Arkady". _4pbl. |
|
| 700 | 1 |
_aDzięgielewski, Tadeusz _eRedakcja |
|
| 856 |
_uhttp://koha.tu.koszalin.pl/cgi-bin/koha/opac-detail.pl?biblionumber=9140 _yKatalog online BPK |
||
| 942 |
_2UKD _cKS |
||
| 999 |
_c9140 _d9140 |
||